Les meilleurs pointeurs de la saison 2018-2019 de la LNH - Statistiques

Statistiques générales
  • Ce quiz a été pris 310 fois
  • Le résultat moyen est 43 sur 100
Statistiques - réponses
Équipe Points Joueur % Correct
EDM 116 Connor McDavid
99%
PIT 100 Sidney Crosby
98%
CHI 110 Patrick Kane
97%
TBL 128 Nikita Kucherov
95%
BOS 100 Brad Marchand
94%
SJS 56 Evander Kane
94%
WSH 89 Alex Ovechkin
93%
TOR 73 Auston Matthews
93%
TBL 98 Steven Stamkos
93%
TOR 94 Mitch Marner
91%
COL 99 Nathan MacKinnon
91%
CGY 99 Johnny Gaudreau
86%
FLA 96 Aleksander Barkov
85%
FLA 92 Jonathan Huberdeau
85%
EDM 105 Leon Draisaitl
84%
PIT 72 Evgeni Malkin
83%
TOR 88 John Tavares
82%
TBL 92 Brayden Point
81%
BOS 79 Patrice Bergeron
81%
PHI 85 Claude Giroux
77%
CHI 81 Jonathan Toews
77%
CAR 83 Sebastian Aho
73%
BOS 81 David Pastrnak
69%
COL 87 Mikko Rantanen
69%
DAL 53 Jamie Benn
65%
VGK 56 William Karlsson
65%
DAL 80 Tyler Seguin
63%
WPG 91 Blake Wheeler
62%
COL 75 Gabriel Landeskog
61%
CBJ 87 Artemi Panarin
59%
SJS 83 Brent Burns
58%
CGY 77 Matthew Tkachuk
58%
BUF 82 Jack Eichel
57%
WSH 74 Nicklas Backstrom
54%
PIT 56 Kris Letang
53%
MTL 72 Max Domi
53%
DET 73 Dylan Larkin
51%
WPG 84 Mark Scheifele
51%
SJS 70 Logan Couture
49%
OTT, VGK 73 Mark Stone
49%
WPG 66 Kyle Connor
47%
SJS 64 Joe Pavelski
45%
STL 77 Ryan O'Reilly
43%
CGY 82 Sean Monahan
43%
STL 68 Vladimir Tarasenko
43%
PIT 76 Jake Guentzel
41%
VAN 66 Elias Pettersson
40%
PHI 76 Sean Couturier
40%
WSH 70 John Carlson
39%
TBL 54 Victor Hedman
39%
WSH 72 Evgeny Kuznetsov
37%
CGY 74 Mark Giordano
35%
MTL 58 Tomas Tatar
35%
NYR 74 Mika Zibanejad
33%
PIT 82 Phil Kessel
33%
NSH 56 Roman Josi
33%
MTL 53 Jonathan Drouin
32%
CHI 76 Alex DeBrincat
31%
LAK 60 Anze Kopitar
31%
NYI 62 Matthew Barzal
31%
SJS 74 Tomas Hertl
31%
CBJ 61 Pierre-Luc Dubois
29%
VAN 56 Brock Boeser
27%
CGY 78 Elias Lindholm
27%
PHI 66 Jakub Voracek
27%
OTT, CBJ 70 Matt Duchene
26%
SJS 66 Timo Meier
26%
VAN 61 Bo Horvat
24%
VGK 59 Jonathan Marchessault
24%
BUF 63 Jeff Skinner
23%
EDM 69 Ryan Nugent-Hopkins
23%
DAL 72 Alexander Radulov
21%
TOR 72 Morgan Reilly
21%
MTL 53 Phillip Danault
21%
CAR 76 Teuvo Teravainen
19%
WSH 54 T.J. Oshie
17%
BOS 73 David Krejci
15%
BUF 65 Sam Reinhart
15%
CBJ 69 Cam Atkinson
13%
FLA 70 Evgenii Dadonov
13%
FLA 70 Mike Hoffman
13%
OTT 55 Thomas Chabot
12%
MIN 61 Zach Parise
12%
STL 54 Brayden Schenn
11%
ARI, CHI 57 Dylan Strome
9%
NSH 64 Ryan Johansen
9%
FLA 62 Keith Yandle
7%
SJS 56 Kevin Labanc
7%
VGK 53 Reilly Smith
7%
NYI 53 Brock Nelson
6%
DET, SJS 60 Gustav Nyquist
6%
COL 59 Tyson Barrie
6%
OTT, CBJ 56 Ryan Dzingel
5%
CAR 53 Justin Williams
4%
NYI 56 Josh Bailey
3%
NYR, WPG 55 Kevin Hayes
3%
MIN, CAR 53 Nino Niederreiter
3%
CHI 60 Erik Gustafsson
2%
MIN, NSH 54 Mikael Granlund
2%
DET 54 Andreas Athanasiou
1%
Aucun quiz correspondant
Distribution des résultats
% des personnes avec chaque résultat
Percentile par nombre de réponses
Votre historique - résultats
Vous n’avez pas pris ce quiz